000 00441pab a2200157 454500
008 180718b2012 xxu||||| |||| 00| 0 eng d
100 _aOmoregie, Edoba B.
245 _aNational health law in Nigeria: Federalism and subsidiarity questions
260 _c2012
300 _ap.33-48.
650 _aHealth services - Nigeria
650 _aHealth services
773 _aIndian Journal of Federal Studies
908 _aN
909 _a105832
999 _c105827
_d105827